Robes of Power : (Record no. 621794)

MARC details
000 -LEADER
fixed length control field 00471nam a2200193 a 4500
008 - FIXED-LENGTH DATA ELEMENTS--GENERAL INFORMATION
fixed length control field 260502s1986##################000#0#eng##
020 ## - INTERNATIONAL STANDARD BOOK NUMBER
ISBN 9780774802642
082 04 - DEWEY DECIMAL CLASSIFICATION NUMBER
Classification number 391.8
Item number JEN
100 1# - MAIN ENTRY--AUTHOR NAME
Personal name Jensen, Doreen,
245 10 - TITLE STATEMENT
Title Robes of Power :
260 ## - PUBLICATION, DISTRIBUTION, ETC. (IMPRINT)
Name of publisher UBC Press,
Year of publication 1986.
300 ## - PHYSICAL DESCRIPTION
Number of Pages 104 pages
650 #0 - SUBJECT ADDED ENTRY--TOPICAL TERM
Topical Term Art.
942 ## - ADDED ENTRY ELEMENTS (KOHA)
Koha item type English Books
Holdings
Withdrawn status Lost status Damaged status Not for loan Home library Current library Shelving location Date acquired Full call number Accession Number Price effective from Koha item type
        Anna Centenary Library Anna Centenary Library 4TH FLOOR, B WING 02.05.2026 391.8 JEN 422831 02.05.2026 English Books

Find us on the map